| 000 | 00776nam a2200253 a 4500 | ||
|---|---|---|---|
| 001 | 502 | ||
| 003 | BR-CuiBMT | ||
| 005 | 20231127031002.0 | ||
| 008 | 231108s2015 baba 000 0 por d | ||
| 020 | _a8544204589 | ||
| 040 |
_aBR-CuiBMT _cBR-CuiBMT |
||
| 080 |
_22007 _a346.1 |
||
| 090 |
_a346.1 _bB474m |
||
| 100 | 1 |
_aBensoussan, Fabio Guimarães, _d1973- |
|
| 245 | 1 | 0 |
_aManual de direito econômico / _cFabio Guimarães Bensoussan, Marcus de Freitas Gouvêa. |
| 260 |
_aSalvador : _bJusPODIVM, _c2015. |
||
| 300 |
_a682 p. : _bil. ; _c24 cm |
||
| 504 | _aInclui bibliografia. | ||
| 650 |
_aDireito econômico _zBrasil |
||
| 650 | _aDireito econômico internacional | ||
| 650 | _aAgências reguladoras | ||
| 700 |
_aGouvêa, Marcus de Freitas, _d1974- |
||
| 942 |
_2udc _cLV |
||
| 999 |
_c502 _d502 |
||